00331nam a22001337a 4500003000500000005001700005008004100022040000600063082001300069100003300082245004800115260002600163300000800189CEME20210628203707.0210318b xxu||||| |||| 00| 0 eng d c. a0333 WAS aJun Yn , Michael.R , James.P aUsing fuzzy logic towards intlegence system aRAWALPINDIbPDFc1994 aPDF